Doctrina Pontificia III : documentos sociales.

Enregistré dans:
Détails bibliographiques
Auteur principal: Rodríguez, Federico ed, (autor)
Autres auteurs: Nuñez, Carlos Humberto (autor) (autor)
Format: Livre
Langue:espagnol
Collection:(Biblioteca de autores Cristianos)
Sujets:
Tags: Ajouter un tag
Pas de tags, Soyez le premier à ajouter un tag!

MARC

LEADER 00000cam^a2200000uu^4500
001 000491858
005 20250521000000.0
008 050901s1958^^^^^^^^^^^^rd^r^^000^0^spa^d
009 20260310125427.087
035 |a FCE 000035114 
035 |a FCE 035152 
037 |a Acervo ITESO - Biblioteca 
041 |a spa 
082 0 4 |a 262.8  |b DOCt v.3 
100 |a Rodríguez, Federico,  |e ed  |e (autor) 
245 1 0 |a Doctrina Pontificia III :  |b documentos sociales. 
264 |a Madrid :  |b Católica,  |c 1958. 
300 |a 1235 p. 
336 |a texto  |b txt  |2 rdacontenido 
337 |a sin mediación  |b n  |2 rdamedio 
338 |a volumen  |b nc  |2 rdasoporte 
440 0 |a (Biblioteca de autores Cristianos) 
649 |a XX 
650 |a Siglo diecinueve 
650 |a Siglo dieciocho 
650 |a Siglo veinte 
650 |a Aspectos sociales 
650 |a Encíclicas 
650 |a Papas 
650 |a Concilios 
700 |a Nuñez, Carlos Humberto  |e (autor) 
910 |a Fondo Centro de Estudios Educativos 
920 |a Impresos - Libros 
930 |a Fondos Especiales 
905 |a 133 
901 |a ALE035152  |b IT2  |c CEE  |u 20250521 
902 |a https://opac.biblio.iteso.mx/vufind/Record/000491858